| 000 | 00751nam a2200253 a 4500 | ||
|---|---|---|---|
| 001 | 000003913 | ||
| 003 | DO-SdBNP | ||
| 005 | 20240412074201.0 | ||
| 007 | ta | ||
| 008 | 090715s2006 dr 000 0 spa d | ||
| 020 | _a9993479934 | ||
| 040 |
_aDO-SdBNP _bspa _cBNPHU |
||
| 082 | 4 |
_aRD863.44 _bJ41o _222 |
|
| 100 | 1 |
_aJavier, Eulogio, _d1963- _911783 |
|
| 245 | 1 | 0 |
_aOdio a los espejos / _cEulogio Javier ; prólogo Nan Chevalier. |
| 260 |
_aSanto Domingo : _bBúho, _c2006. |
||
| 300 |
_a88 p. ; _c22 cm. |
||
| 590 | _aInventariado, 2020/BT | ||
| 650 | 0 |
_aCuentos dominicanos _9176 |
|
| 650 | 0 |
_aLiteratura dominicana. _967 |
|
| 700 | 1 |
_aChevalier, Nan, _d1965- _epról. _9350 |
|
| 910 | _aValidado. Control de calidad. MMOLINA | ||
| 942 |
_2ddc _cLBS1 |
||
| 999 |
_c3732 _d3732 |
||